Statistiken für Bundesliga Top 5

Klicken Sie hier um das Quiz zu spielen!

Allgemein

  • Dieses Quiz wurde 4.351 mal gespielt
    (3.941 seit der letzten Aktualisierung)
  • Das Durchschnittsergebnis liegt bei 22 aus 29

Antwortstatistiken

Vereine% Korrekt
FC Bayern München
100%
Borussia Dortmund
99%
RB Leipzig
97%
Bayer 04 Leverkusen
95%
Hamburger SV
95%
Schalke 04
95%
Werder Bremen
93%
VfL Wolfsburg
91%
1. FC Köln
90%
Borussia Mönchengladbach
90%
Eintracht Frankfurt
90%
VfB Stuttgart
90%
Hertha BSC
87%
SC Freiburg
87%
1. FC Kaiserslautern
81%
TSG 1899 Hoffenheim
78%
1. FC Nürnberg
76%
1. FC Union Berlin
75%
1. FSV Mainz 05
68%
Hannover 96
66%
TSV 1860 München
65%
FC Augsburg
64%
VfL Bochum
60%
Eintracht Braunschweig
54%
Fortuna Düsseldorf
54%
Meidericher SV
41%
Alemannia Aachen
36%
KFC Uerdingen 05
25%
Wuppertaler SV
15%

Verteilung der Resultate

Perzentil nach korrekt beantworteten Fragen

Anzahl Personen mit jedem Resultat

Ihre Resultats-Entwicklung

Sie haben dieses Quiz seit der letzten Aktualisierung nicht gespielt